000 00442nam a22001937a 4500
020 _a978-1-4454-0458-5
082 _a823
_bSTO/W
100 _aSTORM, ZED
245 _aWILL SOLVIT
246 _aTHE KNIGHTS OF REVENGE
246 _aAZTEC EMPIRE OF DOOM
246 _aBATTLE OF THE NINJAS
246 _aPIRATE PUZZLE
260 _aUK
_bPARRAGON
_c2010
300 _a124
520 _aSHORT STORY
650 _aSHORT STORY
942 _cBK
999 _c3348
_d3348